000 00901cam a22002531 4500
001 12260
003 BD-RjUL
005 20211208235250.0
008 140128r1965 nyua 001 0 eng
035 _a(BD-RjUL)12309
040 _aDLC/ICU
_cICU
_dDLC
_dBD-RjUL
_beng
041 _aeng
082 0 0 _a510
_bGUM 1965
100 1 _aGuillemin, Ernst A.
_q(Ernst Adolph)
_938059
245 1 4 _aThe mathematics of circuit analysis :
_bextensions to the mathematical training of electrical engineers /
_cErnst A. Guillemin
260 _aNew York :
_bJ. Wiley ,
_cc1949 [ Reprinted 1965 ].
300 _axiv, 590 p. :
_bill. ;
_c23 cm.
500 _a"A publication of the Technology Press, Massachusetts Institute of Technology."
504 _aIncludes index.
650 0 _aMathematics.
_938061
942 _2ddc
_cBK
999 _c12260
_d12260